Mastering C++ programs (Record no. 111034)

MARC details
000 -LEADER
fixed length control field 00349nam a2200145Ia 4500
008 - FIXED-LENGTH DATA ELEMENTS--GENERAL INFORMATION
fixed length control field 230917s9999||||xx |||||||||||||| ||und||
040 ## - CATALOGING SOURCE
-- 101488
Original cataloging agency VIVEKANANDA LIBRARY
041 ## - Language
-- English
082 ## - DDC NUMBER
Classification number 005.133 D643M
100 ## - MAIN ENTRY--PERSONAL NAME
Personal name Dixit, J B
245 #0 - TITLE STATEMENT
Title Mastering C++ programs
260 ## - PUBLICATION, DISTRIBUTION, ETC. (IMPRINT)
Place of publication, distribution, etc New Delhi
Name of publisher, distributor, etc Firewall Media
Date of publication, distribution, etc 2003
300 ## - PHYSICAL DESCRIPTION
Pages 598 p.
942 ## - ADDED ENTRY ELEMENTS (KOHA)
Koha item type Books
Holdings
Withdrawn status Lost status Damaged status Not for loan Location (home branch) Sublocation or collection (holding branch) Shelving location Date acquired Koha issues (times borrowed) Koha full call number Accession No. Koha date last seen Koha item type
        VIVEKANANDA LIBRARY VIVEKANANDA LIBRARY UIET Library 20/07/2004   005.133 D643M 198713 17/09/2023 Books
        VIVEKANANDA LIBRARY VIVEKANANDA LIBRARY UIET Library 20/07/2004   005.133 D643M 198714 17/09/2023 Books
        VIVEKANANDA LIBRARY VIVEKANANDA LIBRARY UIET Library 20/07/2004 1 005.133 D643M 198715 23/10/2023 Books
        VIVEKANANDA LIBRARY VIVEKANANDA LIBRARY UIET Library 20/07/2004 1 005.133 D643M 198716 10/11/2023 Books
        VIVEKANANDA LIBRARY VIVEKANANDA LIBRARY   20/07/2004   005.133 D643M 198717 17/09/2023 Books
        VIVEKANANDA LIBRARY VIVEKANANDA LIBRARY UIET Library 20/07/2004   005.133 D643M 198718 17/09/2023 Books
        VIVEKANANDA LIBRARY VIVEKANANDA LIBRARY   20/07/2004   005.133 D643M 198719 17/09/2023 Books
        VIVEKANANDA LIBRARY VIVEKANANDA LIBRARY UIET Library 20/07/2004   005.133 D643M 198720 17/09/2023 Books
        VIVEKANANDA LIBRARY VIVEKANANDA LIBRARY   20/07/2004 1 005.133 D643M 198721 20/10/2023 Books
        VIVEKANANDA LIBRARY VIVEKANANDA LIBRARY UIET Library 20/07/2004   005.133 D643M 198722 17/09/2023 Books
        VIVEKANANDA LIBRARY VIVEKANANDA LIBRARY UIET Library 20/07/2004   005.133 D643M 217312 17/09/2023 Books
        VIVEKANANDA LIBRARY VIVEKANANDA LIBRARY UIET Library 20/07/2004   005.133 D643M 229156 17/09/2023 Books
        VIVEKANANDA LIBRARY VIVEKANANDA LIBRARY UIET Library 20/07/2004   005.133 D643M 229157 17/09/2023 Books
        VIVEKANANDA LIBRARY VIVEKANANDA LIBRARY UIET Library 20/07/2004   005.133 D643M 229158 17/09/2023 Books
        VIVEKANANDA LIBRARY VIVEKANANDA LIBRARY   20/07/2004   005.133 D643M 235584 17/09/2023 Books
© Designed and Maintained by Vivekananda Library, MDU Rohtak